Statystyki dla Państwa najbliższe Kosowa - jednominutowy sprint

Kliknij tutaj aby rozwiązać quiz!

Ogólne statystyki

  • Ten quiz został rozwiązany 107 razy
  • Średni wynik to 14 z 20

Statystyki odpowiedzi

kmkraj% Poprawnych
0Serbia
98%
0Macedonia
Północna
91%
0Albania
89%
96Bośnia i
Hercegowina
89%
128Chorwacja
86%
114Grecja
86%
156Rumunia
86%
54Bułgaria
84%
0Czarnogóra
81%
478Słowenia
77%
318Węgry
75%
253Włochy
72%
658Polska
65%
601Mołdawia
64%
389Turcja
63%
527Słowacja
58%
547Ukraina
58%
525Austria
56%
622San Marino
33%
628Watykan
33%

Rozkład punktacji

Percentyl według liczby udzielonych odpowiedzi

Procent ludzi z każdym wynikiem

Twoja historia wyników

Nie rozwiązałeś tego quizu